| 000 | 00404nam a2200169Ia 4500 | ||
|---|---|---|---|
| 003 | LK-CoDNM | ||
| 008 | 010623t1951 xxu||||| |||| 00| 1 sin d | ||
| 040 |
_aLK-CoDNM _dLK-CoDNM _eLK-CoDNM |
||
| 041 | _asin | ||
| 080 | _aJ 99 | ||
| 245 | _aශ්රි ලංකා | ||
| 246 | _aSri Lanka | ||
| 260 |
_bS.U.Toosant _aColombo _c1951 |
||
| 300 | _b30P., ill., 27 cm | ||
| 650 | _aZoo | ||
| 942 | _cBK | ||
| 999 |
_c102393 _d102393 |
||